[Event "GER-ch Net Amateur Gr-A Final"]
[Site "Playchess.com INT"]
[Date "2020.04.18"]
[Round "9"]
[White "Graf, Lucas"]
[Black "Heinrichs, Paul"]
[Result "0-1"]
[WhiteElo "2048"]
[BlackElo "1938"]
[PlyCount "90"]
[EventDate "2020.04.18"]
[EventType "swiss (blitz)"]
[EventRounds "13"]
[EventCountry "GER"]
[SourceTitle "CBM 195 Extra"]
[Source "ChessBase"]
[SourceDate "2020.05.31"]
[SourceVersion "1"]
[SourceVersionDate "2020.05.31"]
[SourceQuality "1"]

1. e4 e5 2. Nf3 Nc6 3. Bc4 Bc5 4. 0-0 Nf6 5. d3 d6 6. a4 a6 7. a5 Ba7 8. c3 0-0 9. h3 Ne7 10. Be3 Bxe3 11. fxe3 Ng6 12. Nbd2 c6 13. Bb3 d5 14. exd5 cxd5 15. d4 e4 16. Ne5 Be6 17. c4 b5 18. axb6 Qxb6 19. c5 Qc7 20. Nxg6 hxg6 21. Ba4 Rab8 22. Qc2 Qg3 23. Rfe1 Bxh3 24. Nf1 Qg5 25. Rab1 Rb4 26. b3 Be6 27. Qd2 a5 28. Rbc1 Qg4 29. c6 g5 30. Rc5 Kh7 31. Rxa5 Rbb8 32. Rc5 Kg6 33. c7 Rbc8 34. Qe2 Qh4 35. Qf2 Qh6 36. Qg3 Ng4 37. Nh2 Nf6 38. Kf2 Rh8 39. Rh1 Ng4+ 40. Nxg4 Qxh1 41. Ne5+ Kf6 42. Ke2 Qb1 43. Qf2+ Ke7 44. Bd7 Qb2+ 45. Ke1 Rh1+ 0-1